| 000 | 00361nam a22001217a 4500 | ||
|---|---|---|---|
| 999 |
_c66784 _d66781 |
||
| 082 | _aR/1EL16 | ||
| 100 |
_aZahid Hussain Zardari _a16EL62 |
||
| 245 | _aPerformance Analysis Of Three Phase Transformer Using Differential Protection Relay | ||
| 260 |
_aNawabshah _bQUEST _c2019 |
||
| 300 | _a47P. | ||
| 700 | _aDepartment Of Electrical Engineering | ||
| 942 | _cTHESIS | ||